[Event "Championnat de France des Jeunes - Pous"]
[Site "LA ROCHE SUR YON"]
[Date "2008.04.27"]
[Round "9.9"]
[White "Froment, Josephine"]
[Black "Duffaud, Celia"]
[Result "1/2-1/2"]
[WhiteElo "1260"]
[BlackElo "1400"]
[Annotator "Salaun,Michel"]
[PlyCount "67"]
[EventDate "2008.04.25"]
[EventType "swiss"]
[EventRounds "5"]
[EventCountry "FRA"]

1. e4 c6 2. d4 d5 3. Nc3 dxe4 4. Nxe4 Nf6 5. Nxf6+ gxf6 6. c3 Qc7 7. Ne2 Bf5 8.
Ng3 Be6 9. Be3 Nd7 10. c4 O-O-O 11. d5 Nb6 12. Qb3 Bd7 13. Be2 c5 14. O-O Rg8
15. Qc2 e6 16. dxe6 fxe6 17. Qxh7 Bd6 18. Qh4 f5 19. Bg5 Rdf8 20. Be7 Bxe7 21.
Qxe7 f4 22. Ne4 Qc6 23. f3 e5 24. Qxc5 Qxc5+ 25. Nxc5 Bh3 26. Rf2 Kb8 27. Kf1
Bf5 28. Bd3 Bxd3+ 29. Nxd3 Nxc4 30. Rc1 Ne3+ 31. Ke2 Re8 32. Rc5 Rg5 33. g3
fxg3 34. hxg3 1/2-1/2

[Event "Championnat de France des Jeunes - Pous"]
[Site "LA ROCHE SUR YON"]
[Date "2008.04.27"]
[Round "9.8"]
[White "Le Berre, Audrey"]
[Black "Bellahcene, Anissa"]
[Result "0-1"]
[WhiteElo "1390"]
[BlackElo "1290"]
[Annotator "Salaun,Michel"]
[PlyCount "50"]
[EventDate "2008.04.25"]
[EventType "swiss"]
[EventRounds "5"]
[EventCountry "FRA"]

1. c4 e5 2. g3 Nc6 3. Bg2 Nf6 4. d3 d5 5. cxd5 Nxd5 6. Nf3 f5 7. e4 Nb6 8. O-O
Bc5 9. Bg5 Qd6 10. exf5 Bxf5 11. Ne1 O-O 12. Nc3 Nb4 13. Nb5 Qd7 14. Qb3+ Be6
15. Qc3 Qxb5 16. Qxe5 Bxf2+ 17. Rxf2 Qxe5 18. Rxf8+ Rxf8 19. Bf4 Qc5+ 20. Kh1
Bd5 21. Nf3 g5 22. Bxg5 Bxf3 23. Rf1 Bxg2+ 24. Kxg2 Rxf1 25. Kxf1 Qxg5 0-1

[Event "Championnat de France des Jeunes - Pous"]
[Site "LA ROCHE SUR YON"]
[Date "2008.04.27"]
[Round "9.10"]
[White "Keraudran, Elodie"]
[Black "Hug, Roxana"]
[Result "0-1"]
[WhiteElo "1400"]
[BlackElo "1290"]
[Annotator "Salaun,Michel"]
[PlyCount "110"]
[EventDate "2008.04.25"]
[EventType "swiss"]
[EventRounds "5"]
[EventCountry "FRA"]

1. e4 c5 2. Bc4 Nc6 3. Nf3 g6 4. Ng5 e6 5. Nf3 Bg7 6. O-O Nge7 7. Nc3 O-O 8. b3
d5 9. Be2 d4 10. Bb2 dxc3 11. Ba3 b6 12. Qc1 Bb7 13. Rd1 Qc7 14. dxc3 Bxc3 15.
Bb2 Bg7 16. Bxg7 Kxg7 17. Qb2+ Kg8 18. h3 Rfd8 19. Qf6 Nb4 20. Ng5 Nec6 21. a3
Ba6 22. Bxa6 Nxa6 23. Rf1 Rd2 24. c4 Nd4 25. b4 cxb4 26. axb4 Nxb4 27. Rab1
Nbc2 28. Rb2 Rf8 29. Rbb1 Qxc4 30. Rbc1 Ne2+ 31. Kh1 Nxc1 32. Rxc1 Qe2 33. Rg1
Nd4 34. Qf4 Rd1 35. Qh4 h5 36. e5 Nc2 37. Qf4 Rxg1+ 38. Kxg1 Qe1+ 39. Kh2 Qf1
40. Nf3 Rd8 41. Ng5 Rd7 42. Kg3 Ne1 43. Kh4 Qxg2 (43... Nxg2+) 44. Qe3 Nd3 45.
f3 a5 46. f4 a4 47. Qxb6 Kg7 48. Qe3 Qf1 49. Kg3 a3 50. Qd2 Qb1 51. Nf3 a2 52.
Qc3 a1=Q 53. Qxa1 Qxa1 54. Kh4 Qh1 55. Ng5 Qe1# 0-1

[Event "Championnat de France des Jeunes - Pous"]
[Site "LA ROCHE SUR YON"]
[Date "2008.04.26"]
[Round "8.2"]
[White "Auvray, Honorine"]
[Black "Pauvert, Gabrielle"]
[Result "1-0"]
[WhiteElo "1716"]
[BlackElo "1350"]
[Annotator "Salaun,Michel"]
[PlyCount "69"]
[EventDate "2008.04.25"]
[EventType "swiss"]
[EventRounds "5"]
[EventCountry "FRA"]

1. e4 d5 2. exd5 Nf6 3. d4 Nxd5 4. c4 Nb4 5. Qa4+ N8c6 6. d5 b5 7. Qd1 Nd4 8.
Na3 Nf5 9. Nxb5 e5 10. a3 Na6 11. Bd3 Bc5 12. Nf3 O-O 13. O-O Re8 14. Be4 Rb8
15. b4 Bb6 16. c5 Bxc5 17. bxc5 Rxb5 18. c6 Nd6 19. a4 Rc5 20. Ba3 Rc4 21. Nd2
Rd4 22. Bb2 Rb4 23. Bc3 Rb8 24. Bc2 Bf5 25. Bxf5 Nxf5 26. Re1 Qxd5 27. Qf3 Qc5
28. Ne4 Nh4 29. Qg3 Nf5 30. Nxc5 Nxg3 31. Nxa6 Rb3 32. Bxe5 Nf5 33. Bxc7 Rxe1+
34. Rxe1 Rc3 35. Re8# 1-0

[Event "Championnat de France des Jeunes - Pous"]
[Site "LA ROCHE SUR YON"]
[Date "2008.04.26"]
[Round "8.1"]
[White "Joudelat, Noemie"]
[Black "Imperor, Lorene"]
[Result "1-0"]
[WhiteElo "1540"]
[BlackElo "1530"]
[Annotator "Salaun,Michel"]
[PlyCount "67"]
[EventDate "2008.04.25"]
[EventType "swiss"]
[EventRounds "5"]
[EventCountry "FRA"]

1. e4 c5 2. Nf3 d6 3. d4 cxd4 4. Nxd4 Nf6 5. Nc3 g6 6. Be3 Bg7 7. f3 O-O 8. Bc4
Nc6 9. O-O Nd7 10. Bb3 Nb6 11. Qd2 Na5 12. Qd3 Nxb3 13. axb3 Bd7 14. Qd2 Re8
15. Bh6 Bh8 16. f4 a5 17. Rad1 a4 18. Qf2 Bg7 19. Bxg7 Kxg7 20. Rd3 e6 21. Rg3
axb3 22. cxb3 d5 23. f5 Rf8 24. f6+ Kh8 25. Rh3 g5 26. Qf3 e5 27. Nf5 (27.
Rxh7+ Kxh7 28. Qh5+ Kg8 29. Qxg5+ Kh7 30. Qg7#) 27... Qxf6 28. Rxh7+ Kxh7 29.
Qh5+ Kg8 30. Nh6+ Qxh6 31. Qxh6 Be6 32. Qxg5+ Kh7 33. Rf6 Rg8 34. Rh6# 1-0

[Event "Championnat de France des Jeunes - Pous"]
[Site "LA ROCHE SUR YON"]
[Date "2008.04.26"]
[Round "8.3"]
[White "Baldi, Valentine"]
[Black "Le Berre, Audrey"]
[Result "1-0"]
[WhiteElo "1400"]
[BlackElo "1390"]
[Annotator "Salaun,Michel"]
[PlyCount "61"]
[EventDate "2008.04.25"]
[EventType "swiss"]
[EventRounds "5"]
[EventCountry "FRA"]

1. d4 f5 2. c4 e6 3. e3 c6 4. Nf3 d5 5. Nc3 b6 6. Bd3 Bd6 7. O-O Nf6 8. b3 Bb7
9. Bb2 O-O 10. Qc1 Qe7 11. a3 a5 12. cxd5 cxd5 13. Nb5 Nbd7 14. Qd2 Rac8 15.
Rac1 Bc6 16. Na7 Ra8 17. Nxc6 Qe8 18. Bb5 Ne4 19. Qe2 Rc8 20. Nce5 Nef6 21.
Rxc8 Qxc8 22. Rc1 Qd8 23. Nc6 Qe8 24. Qc2 Qf7 25. Nce5 Qe7 26. a4 h6 27. Qc6
Rd8 28. Nxd7 Nxd7 29. Qb7 Qe8 30. Ne5 Bxe5 31. dxe5 1-0

[Event "Championnat de France des Jeunes - Pous"]
[Site "LA ROCHE SUR YON"]
[Date "2008.04.26"]
[Round "8.5"]
[White "Craquelin, Mathie"]
[Black "Jacob, Eva"]
[Result "1/2-1/2"]
[WhiteElo "1330"]
[BlackElo "1470"]
[Annotator "Salaun,Michel"]
[PlyCount "163"]
[EventDate "2008.04.25"]
[EventType "swiss"]
[EventRounds "5"]
[EventCountry "FRA"]

1. e4 c5 2. Nf3 a6 3. Nc3 d6 4. d4 cxd4 5. Nxd4 e5 6. Nf3 Nf6 7. Bc4 Be7 8. Be3
O-O 9. Bg5 Nc6 10. Nd5 Nxe4 11. Bxe7 Nxe7 12. Nxe7+ Qxe7 13. O-O Bg4 14. Be2
Nf6 15. c3 Rad8 16. Qc2 h6 17. Rad1 Rd7 18. h3 Be6 19. c4 Rc7 20. b3 b5 21. Nd2
d5 22. Rc1 d4 23. Bd3 Rfc8 24. Rfe1 Bd7 25. a4 Qe8 26. Ne4 Nxe4 27. Rxe4 Bf5
28. Re2 Bxd3 29. Qxd3 Qe6 30. Rec2 bxa4 31. bxa4 a5 32. Kf1 Rd8 33. Re1 f5 34.
f3 g5 35. g4 fxg4 36. hxg4 Re8 37. Qe4 Rxc4 38. Rxc4 Qxc4+ 39. Kg1 Kg7 40. Qb7+
Kf8 41. Qe4 Qf7 42. Qd3 Qf4 43. Qa3+ Kg7 44. Re4 Qf7 45. Qc5 Qe7 46. Qxe7+ Rxe7
47. Kf1 Kg6 48. Ke2 h5 49. gxh5+ Kxh5 50. Kd3 Kg6 51. Ke2 Kf5 52. Kf2 Rg7 53.
Re2 g4 54. fxg4+ Rxg4 55. Rb2 Rf4+ 56. Ke2 Ke4 57. Rb5 d3+ 58. Kd2 Rf2+ 59. Ke1
Ra2 60. Rxa5 Ke3 61. Rxe5+ Kd4 62. Rh5 Kc3 63. Rc5+ Kd4 64. Rh5 d2+ 65. Kd1 Ke3
66. Re5+ Kd3 67. Rd5+ Ke3 68. Re5+ Kf4 69. Rh5 Ke4 70. Rg5 Kf4 71. Rd5 Ke3 72.
Re5+ Kd4 73. Rh5 Ke4 74. Rg5 Kf4 75. Rh5 Ke3 76. Re5+ Kf2 77. Rf5+ Ke3 78. Re5+
Kd3 79. Rd5+ Kc3 80. Rc5+ Kd4 81. Rh5 Ke3 82. Re5+ 1/2-1/2

[Event "Championnat de France des Jeunes - Pous"]
[Site "LA ROCHE SUR YON"]
[Date "2008.04.26"]
[Round "8.4"]
[White "Raihauti, Mataheitini"]
[Black "Bour, Valentine"]
[Result "1/2-1/2"]
[WhiteElo "1009"]
[BlackElo "1440"]
[Annotator "Salaun,Michel"]
[PlyCount "105"]
[EventDate "2008.04.25"]
[EventType "swiss"]
[EventRounds "5"]
[EventCountry "FRA"]

1. e4 c5 2. Nf3 d6 3. d4 cxd4 4. Nxd4 Nf6 5. Nc3 g6 6. Bd3 Bg7 7. O-O O-O 8.
Bg5 Ng4 9. Nf3 Nd7 10. Qd2 Nde5 11. Be2 Nxf3+ 12. Bxf3 Be5 13. h3 Nh2 14. Kh1
Nxf1 15. Rxf1 Bd7 16. Rd1 Bc6 17. Nd5 Bxd5 18. Qxd5 Rc8 19. Qxb7 Rxc2 20. Qxa7
Rxb2 21. Bxe7 Qb8 22. Qxb8 Rfxb8 23. Bxd6 Bxd6 24. Rxd6 Rxa2 25. Kh2 Re8 26.
Kg3 h5 27. h4 Kg7 28. Kf4 Ra4 29. g3 Ra2 30. Ke3 f6 31. Rd7+ Kf8 32. g4 hxg4
33. Bxg4 f5 34. Bf3 Ra3+ 35. Kf4 Ra4 36. Kg5 fxe4 37. Kxg6 exf3 38. Rf7+ Kg8
39. Rg7+ Kh8 40. Rh7+ Kg8 41. Rg7+ Kf8 42. Rf7+ Kg8 43. Rg7+ Kh8 44. Rh7+ Kg8
45. Rg7+ Kh8 46. Rh7+ Kg8 47. Rg7+ Kf8 48. Rf7+ Kg8 49. Rg7+ Kh8 50. Rh7+ Kg8
51. Rg7+ Kf8 52. Rf7+ Kg8 53. Rg7+ 1/2-1/2

[Event "Championnat de France des Jeunes - Pous"]
[Site "LA ROCHE SUR YON"]
[Date "2008.04.26"]
[Round "8.6"]
[White "Duffaud, Celia"]
[Black "Wojnowska, Natalia"]
[Result "0-1"]
[WhiteElo "1400"]
[BlackElo "1340"]
[Annotator "Salaun,Michel"]
[PlyCount "70"]
[EventDate "2008.04.25"]
[EventType "swiss"]
[EventRounds "5"]
[EventCountry "FRA"]

1. e4 c5 2. Nf3 e6 3. d4 cxd4 4. Nxd4 Nf6 5. Nc3 Bb4 6. Bd3 Nc6 7. O-O Nxd4 8.
Bg5 d6 9. a3 Bxc3 10. bxc3 Nc6 11. Bb5 e5 12. a4 O-O 13. f4 Qb6+ 14. Kh1 Nxe4
15. Qe1 Nxg5 16. fxg5 Ne7 17. Be2 Nf5 18. Bd3 g6 19. Rf3 Re8 20. a5 Qc6 21. Ra4
Qxa4 22. c4 Qc6 23. Qf1 e4 24. Rf4 exd3 25. cxd3 b5 26. cxb5 Qxb5 27. Qf3 Re1+
28. Qf1 Rxf1+ 29. Rxf1 Qxd3 30. Ra1 Rb8 31. h3 Rb1+ 32. Rxb1 Qxb1+ 33. Kh2 Qc2
34. h4 Bb7 35. Kh3 Qxg2# 0-1

[Event "Championnat de France des Jeunes - Pous"]
[Site "LA ROCHE SUR YON"]
[Date "2008.04.26"]
[Round "8.7"]
[White "Quelennec, Amelie"]
[Black "Le Bihan, Alison"]
[Result "1-0"]
[WhiteElo "1400"]
[BlackElo "1330"]
[Annotator "Salaun,Michel"]
[PlyCount "95"]
[EventDate "2008.04.25"]
[EventType "swiss"]
[EventRounds "5"]
[EventCountry "FRA"]

1. b3 d5 2. Bb2 Nc6 3. e3 Nf6 4. Bb5 a6 5. Bxc6+ bxc6 6. f4 Bg4 7. Nf3 e6 8. h3
Bh5 9. g4 Bg6 10. Ne5 Be4 11. Nxc6 Qd6 12. Ne5 Bxh1 13. Nf3 Be7 14. Kf2 Bxf3
15. Qxf3 Ne4+ 16. Kf1 O-O 17. d3 Nf6 18. g5 Nd7 19. h4 f6 20. gxf6 Nxf6 21. Nd2
Qb4 22. Ke2 c5 23. Rg1 d4 24. h5 h6 25. Qg3 Rf7 {(=)} 26. Qg2 dxe3 27. Qxa8+
Rf8 28. Qg2 Rf7 (28... Qxd2+) 29. Nc4 a5 30. Ne5 Qd2+ 31. Kf3 Qxg2+ 32. Rxg2
Rf8 33. Ng6 Re8 34. Nxe7+ Rxe7 35. Bxf6 Rf7 36. Be5 e2 37. Kxe2 Rd7 38. Kd2 Rf7
39. Kc3 Re7 40. Kc4 Rc7 41. Bxc7 Kf8 42. Kxc5 Kg8 43. Be5 Kh7 44. Rxg7+ Kh8 45.
Ra7+ Kg8 46. Kd6 Kf8 47. Kxe6 Ke8 48. Ra8# 1-0

[Event "Championnat de France des Jeunes - Pous"]
[Site "LA ROCHE SUR YON"]
[Date "2008.04.26"]
[Round "8.9"]
[White "Aubry, Milene"]
[Black "Froment, Josephine"]
[Result "0-1"]
[WhiteElo "1530"]
[BlackElo "1260"]
[Annotator "Salaun,Michel"]
[PlyCount "68"]
[EventDate "2008.04.25"]
[EventType "swiss"]
[EventRounds "5"]
[EventCountry "FRA"]

1. d4 d5 2. c4 e6 3. Nc3 Nf6 4. Nf3 Nbd7 5. Bg5 c6 6. e3 Bb4 7. Bd3 Qa5 8. Rc1
Ne4 9. Bxe4 dxe4 10. Nd2 Bxc3 11. Rxc3 Qxg5 12. Nxe4 Qg6 13. O-O O-O (13...
Qxe4) 14. Nd6 Nf6 15. f3 Bd7 16. e4 Rad8 17. Nxb7 Rb8 18. Nd6 Rxb2 19. Rc2 Rxc2
20. Qxc2 Ne8 21. Nxe8 Rxe8 22. Rb1 f5 23. e5 Rc8 24. f4 c5 25. dxc5 Rxc5 26.
Qd3 Bc6 27. Rb8+ Kf7 28. Kf1 Qxg2+ 29. Ke1 Qe4+ 30. Qxe4 fxe4 31. h4 Rxc4 32.
Rc8 e3 33. h5 Bb5 34. Ra8 Rc1# 0-1

[Event "Championnat de France des Jeunes - Pous"]
[Site "LA ROCHE SUR YON"]
[Date "2008.04.26"]
[Round "8.10"]
[White "Griaznov, Liza"]
[Black "Banat, Rizlene"]
[Result "0-1"]
[WhiteElo "1310"]
[BlackElo "1400"]
[Annotator "Salaun,Michel"]
[PlyCount "68"]
[EventDate "2008.04.25"]
[EventType "swiss"]
[EventRounds "5"]
[EventCountry "FRA"]

1. e4 c5 2. Nf3 d6 3. Bc4 Nf6 4. Nc3 g6 5. d3 Bg7 6. O-O O-O 7. Bg5 Nc6 8. Bxf6
Bxf6 9. Nd5 Bxb2 10. Rb1 Bg7 11. Qd2 Bg4 12. Qe3 Bxf3 13. Qxf3 Nd4 14. Qd1 b6
15. f4 e6 16. Ne3 Nc6 17. c3 Bxc3 18. Rf3 Bd4 19. Kh1 Bxe3 20. Rxe3 Nd4 21. Qd2
d5 22. exd5 exd5 23. Bb5 Nxb5 24. Rxb5 Qf6 25. Rb1 Qxf4 26. Qe2 d4 27. Rf3 Qd6
28. Rbf1 Qe6 29. Qxe6 fxe6 30. Rxf8+ Rxf8 31. Re1 Rf2 32. a4 Ra2 33. Rxe6 Ra1+
34. Re1 Rxe1# 0-1

[Event "Championnat de France des Jeunes - Pous"]
[Site "LA ROCHE SUR YON"]
[Date "2008.04.26"]
[Round "8.8"]
[White "Sauve, Anne-Charlotte"]
[Black "Thami, Meissane"]
[Result "1-0"]
[WhiteElo "1290"]
[BlackElo "1370"]
[Annotator "Salaun,Michel"]
[PlyCount "47"]
[EventDate "2008.04.25"]
[EventType "swiss"]
[EventRounds "5"]
[EventCountry "FRA"]

1. e4 e6 2. d4 d5 3. Nc3 c5 4. Nf3 Nc6 5. Be2 Qb6 6. dxc5 Bxc5 7. O-O Nf6 8.
Na4 Qb4 9. Nxc5 (9. c3) 9... Qxc5 10. Bg5 Qe7 11. Re1 (11. e5) 11... h6 12. Bh4
e5 13. exd5 Nd4 14. Nxe5 Qxe5 15. Bb5+ Nd7 16. Rxe5+ Kf8 17. Bxd7 Bxd7 18. Qxd4
f6 19. Qc5+ Kg8 20. Re7 Rc8 21. Qb4 Rd8 22. Qxb7 Bc8 23. Rxg7+ Kf8 24. Qf7# 1-0

[Event "Championnat de France des Jeunes - Pous"]
[Site "LA ROCHE SUR YON"]
[Date "2008.04.26"]
[Round "7.2"]
[White "Imperor, Lorene"]
[Black "Quelennec, Amelie"]
[Result "1-0"]
[WhiteElo "1530"]
[BlackElo "1400"]
[Annotator "Salaun,Michel"]
[PlyCount "139"]
[EventDate "2008.04.25"]
[EventType "swiss"]
[EventRounds "5"]
[EventCountry "FRA"]

1. f4 b6 2. Nf3 Bb7 3. e3 e6 4. b3 Nf6 5. Bb2 Be7 6. Be2 O-O 7. O-O d6 8. d3
Nbd7 9. Nbd2 Nd5 10. Nc4 b5 11. Na5 Rb8 12. Nxb7 Rxb7 13. Qd2 Bf6 14. Bxf6 Qxf6
15. Nd4 Rb6 16. Bf3 c5 17. Ne2 Qh6 18. Bxd5 exd5 19. e4 dxe4 20. dxe4 Nf6 21.
Ng3 Re8 22. Nf5 Qg6 23. Nxd6 Nxe4 24. Nxe4 Qxe4 25. Rae1 Qa8 26. Rxe8+ Qxe8 27.
Re1 Re6 28. Rxe6 fxe6 29. Qd6 Qc8 30. Qe7 a5 31. Qa7 Qd8 32. Qxc5 Qd1+ 33. Kf2
Qd2+ 34. Kg3 Qe1+ 35. Qf2 Qc3+ 36. Kg4 Qf6 37. Qc5 Qg6+ 38. Kf3 Qf5 {(=)} 39.
Qc8+ Kf7 40. Qc7+ Kg6 41. Qxa5 Qxc2 42. Qxb5 Qxa2 43. Qa4 Qd2 44. Qe4+ Kh6 45.
Qxe6+ g6 46. Qe3 Qd1+ 47. Kg3 Qd5 48. f5+ Kg7 49. f6+ Kxf6 50. Qf3+ Qxf3+ 51.
Kxf3 Ke5 52. b4 Kd5 53. Kg4 Kc4 54. Kg5 Kxb4 55. Kh6 Kc4 56. Kxh7 Kd4 57. Kxg6
Ke4 58. h4 Kf4 59. h5 Kg4 60. h6 Kg3 61. h7 Kxg2 62. h8=Q Kf3 63. Qd4 Kg3 64.
Kg5 Kf3 65. Qf4+ Kg2 66. Qe3 Kh2 67. Kh4 Kh1 68. Qd2 Kg1 69. Kg3 Kf1 70. Qf2#
1-0

[Event "Championnat de France des Jeunes - Pous"]
[Site "LA ROCHE SUR YON"]
[Date "2008.04.26"]
[Round "7.3"]
[White "Jacob, Eva"]
[Black "Pauvert, Gabrielle"]
[Result "0-1"]
[WhiteElo "1470"]
[BlackElo "1350"]
[Annotator "Salaun,Michel"]
[PlyCount "132"]
[EventDate "2008.04.25"]
[EventType "swiss"]
[EventRounds "5"]
[EventCountry "FRA"]

1. e4 d5 2. e5 c5 3. Nf3 Bg4 4. Be2 Bxf3 5. Bxf3 Nc6 6. Qe2 e6 7. d3 Nge7 8.
O-O Ng6 9. Be3 Ngxe5 10. Nd2 Be7 11. Bf4 Ng6 12. Be3 O-O 13. Nb3 b6 14. c4 d4
15. Bxc6 Rc8 16. Bf3 dxe3 17. fxe3 Ne5 18. d4 cxd4 19. exd4 Nxc4 20. Rac1 Nd6
21. Rxc8 Qxc8 22. Bg4 Qc4 23. Qxc4 Nxc4 24. Rb1 Rd8 25. Be2 b5 26. Rc1 Nxb2 27.
Bxb5 Bf6 28. a3 h6 29. Rc2 Nd1 30. Rd2 Ne3 31. Bc6 Rb8 32. Rd3 Nf5 33. Be4 Nd6
34. Bf3 Nb5 35. Nc5 Bxd4+ 36. Kf1 Bxc5 37. Be4 Nxa3 38. Rd7 a5 39. Rd1 a4 40.
Rc1 Bd4 41. Rd1 e5 42. Rd2 Nc4 43. Ra2 Ra8 44. Bxa8 a3 45. Bd5 Ne3+ 46. Ke2
Nxd5 47. Rxa3 Nc3+ 48. Kd3 Nb5 49. Rb3 Nd6 50. Rb1 Kf8 51. g4 Ke7 52. Rf1 Ke6
53. h3 Kd5 54. Rd1 e4+ 55. Ke2 Nb5 56. Rf1 Ke6 57. Rf5 Nc3+ 58. Ke1 e3 59. Ra5
Ne4 60. Rb5 Ng3 61. Ra5 Bc3+ 62. Kd1 Bxa5 63. Kc2 e2 64. Kc1 e1=Q+ 65. Kc2 Qc3+
66. Kd1 Qd2# 0-1

[Event "Championnat de France des Jeunes - Pous"]
[Site "LA ROCHE SUR YON"]
[Date "2008.04.26"]
[Round "7.1"]
[White "Joudelat, Noemie"]
[Black "Auvray, Honorine"]
[Result "1/2-1/2"]
[WhiteElo "1540"]
[BlackElo "1716"]
[Annotator "Salaun,Michel"]
[PlyCount "89"]
[EventDate "2008.04.25"]
[EventType "swiss"]
[EventRounds "5"]
[EventCountry "FRA"]

1. e4 c5 2. Nf3 e6 3. Nc3 Nc6 4. d4 cxd4 5. Nxd4 Nf6 6. Be3 Bb4 7. f3 O-O 8.
Be2 d5 9. exd5 Nxd5 10. Nxc6 bxc6 11. Bd2 Qh4+ 12. g3 Qd4 13. Nxd5 Bxd2+ 14.
Qxd2 Qxd2+ 15. Kxd2 cxd5 16. Rad1 Rb8 17. Kc1 Rd8 18. Kb1 Bb7 19. Rhf1 e5 20.
c4 d4 21. Bd3 g6 22. Rde1 Re8 23. f4 e4 24. Bc2 {(=)} d3 25. Ba4 Re7 26. Re3
Rd8 27. Rd1 f5 28. Kc1 Kf7 29. Kd2 Rc8 30. Rc1 Rec7 31. b3 Kf6 32. h4 h6 33.
Rh1 g5 34. hxg5+ hxg5 35. Rh6+ Kg7 36. fxg5 Rh8 37. Rxh8 Kxh8 38. Re1 Kg7 39.
Be8 Re7 40. Bh5 Re6 41. Rf1 Re5 42. Ke3 Ra5 43. Rf2 {(=)} Bc8 44. b4 Ra4 45.
Rb2 1/2-1/2

[Event "Championnat de France des Jeunes - Pous"]
[Site "LA ROCHE SUR YON"]
[Date "2008.04.26"]
[Round "7.4"]
[White "Thami, Meissane"]
[Black "Baldi, Valentine"]
[Result "0-1"]
[WhiteElo "1370"]
[BlackElo "1400"]
[Annotator "Salaun,Michel"]
[PlyCount "42"]
[EventDate "2008.04.25"]
[EventType "swiss"]
[EventRounds "5"]
[EventCountry "FRA"]

1. c4 c6 2. g3 d5 3. b3 dxc4 4. bxc4 Bf5 5. d3 Qd4 6. Qb3 b6 7. Nf3 Qd8 (7...
Qxa1) 8. Bg2 Nf6 9. Bg5 e6 10. Ne5 Bd6 11. Nxc6 Nxc6 12. Bxc6+ Kf8 13. Bxa8
Qxa8 14. Bxf6 Qxh1+ 15. Kd2 gxf6 16. e4 Bg4 17. Qb2 Qd1+ 18. Ke3 Bc5+ 19. d4
Bxd4+ 20. Qxd4 Qe2+ 21. Kf4 Qf3# 0-1

[Event "Championnat de France des Jeunes - Pous"]
[Site "LA ROCHE SUR YON"]
[Date "2008.04.26"]
[Round "7.5"]
[White "Le Berre, Audrey"]
[Black "Susini, Noelia"]
[Result "1-0"]
[WhiteElo "1390"]
[BlackElo "1280"]
[Annotator "Salaun,Michel"]
[PlyCount "95"]
[EventDate "2008.04.25"]
[EventType "swiss"]
[EventRounds "5"]
[EventCountry "FRA"]

1. c4 e5 2. g3 d5 3. cxd5 Qxd5 4. Nf3 e4 5. Nc3 Qe6 6. Qa4+ Nc6 7. Qxe4 Qxe4 8.
Nxe4 Bf5 9. Nc3 Nb4 10. Nd4 O-O-O 11. e3 Rxd4 12. exd4 Nc2+ 13. Kd1 Nxa1 14.
Bg2 Nc2 15. Ne4 Bxe4 16. Bxe4 Nxd4 17. Re1 Nf6 18. Bg2 Bc5 19. Re5 b6 20. Bh3+
Kb7 21. d3 Bd6 22. Re1 Bb4 23. Re5 Nf3 24. Bg2 Bd6 25. Bxf3+ Ka6 26. Re2 Rd8
27. Bc6 Bc5 28. Kc2 Rd6 29. Bg2 Ng4 30. Bf4 Rf6 31. a3 c6 32. Re4 Nxf2 33. Ra4+
Kb7 34. b4 b5 35. Ra5 Bb6 36. Rxb5 Nh3 37. a4 Ka8 38. a5 a6 39. Rxb6 Nxf4 40.
gxf4 h5 41. Bxc6+ Rxc6+ 42. Rxc6 Kb7 43. Rb6+ Ka7 44. d4 Ka8 45. d5 Ka7 46. d6
Ka8 47. d7 Ka7 48. d8=Q 1-0

[Event "Championnat de France des Jeunes - Pous"]
[Site "LA ROCHE SUR YON"]
[Date "2008.04.26"]
[Round "7.8"]
[White "Nord, Clara"]
[Black "Duffaud, Celia"]
[Result "0-1"]
[WhiteElo "1280"]
[BlackElo "1400"]
[Annotator "Salaun,Michel"]
[PlyCount "78"]
[EventDate "2008.04.25"]
[EventType "swiss"]
[EventRounds "5"]
[EventCountry "FRA"]

1. e4 c6 2. Nc3 d5 3. Nf3 Bg4 4. exd5 cxd5 5. d4 Nc6 6. Be3 Nf6 7. Bb5 e6 8. h3
Bxf3 9. Qxf3 Bd6 10. Bf4 O-O 11. Bxc6 bxc6 12. Bxd6 Qxd6 13. O-O-O c5 14. dxc5
Qxc5 15. Rhe1 a5 16. Na4 Qc6 17. Rd4 Rab8 18. Nc3 Rfc8 19. Re3 Rb4 20. Rdd3 Ne4
21. a3 Rc4 22. g4 Rc7 23. Kd1 Nxc3+ 24. Rxc3 Qc5 25. Red3 h6 26. Rxc4 Qxc4 27.
Rc3 Qf1+ 28. Kd2 Rb7 29. Rb3 Rc7 30. Rb8+ Kh7 31. Ra8 Qb5 32. b3 Qc6 33. Qe2
Qxa8 34. Qd3+ g6 35. Kd1 a4 36. b4 Qc8 37. b5 Rc3 38. Qd2 Rxa3 39. b6 Qb7 0-1

[Event "Championnat de France des Jeunes - Pous"]
[Site "LA ROCHE SUR YON"]
[Date "2008.04.26"]
[Round "7.6"]
[White "Keraudran, Elodie"]
[Black "Raihauti, Mataheitini"]
[Result "0-1"]
[WhiteElo "1400"]
[BlackElo "1009"]
[Annotator "Salaun,Michel"]
[PlyCount "74"]
[EventDate "2008.04.25"]
[EventType "swiss"]
[EventRounds "5"]
[EventCountry "FRA"]

1. e4 e5 2. Nf3 Nc6 3. Bc4 Bc5 4. Nc3 Nf6 5. O-O O-O 6. d3 h6 7. h3 d6 8. Qe2
Be6 9. Bb3 Qd7 10. Bxe6 fxe6 11. Be3 Bb6 12. Qd2 Bxe3 13. fxe3 d5 14. Rad1 Rad8
15. Rf2 d4 16. Nb5 a6 17. Na3 Rf7 18. Nc4 Qc8 19. Ncxe5 Nxe5 20. Nxe5 Rff8 21.
Ng6 Rf7 22. Nh4 e5 23. Qe2 dxe3 24. Rff1 Rdf8 25. Ng6 Re8 26. Rde1 Qe6 27. Qxe3
Nh5 28. Rxf7 Qxf7 29. Nh4 Rf8 30. a3 Nf4 31. Rf1 Nxh3+ 32. gxh3 Qxf1+ 33. Kh2
Rf2+ 34. Kg3 Qg1+ 35. Ng2 Qxg2+ 36. Kh4 Rf4+ 37. Kh5 Qg5# 0-1

[Event "Championnat de France des Jeunes - Pous"]
[Site "LA ROCHE SUR YON"]
[Date "2008.04.26"]
[Round "7.7"]
[White "Afraoui, Anaelle"]
[Black "Bour, Valentine"]
[Result "0-1"]
[WhiteElo "1280"]
[BlackElo "1440"]
[Annotator "Salaun,Michel"]
[PlyCount "46"]
[EventDate "2008.04.25"]
[EventType "swiss"]
[EventRounds "5"]
[EventCountry "FRA"]

1. e4 c5 2. Nf3 d6 3. d4 cxd4 4. Nxd4 Nf6 5. Nc3 g6 6. Bc4 Bg7 7. Be3 O-O 8. f3
Nbd7 9. Qd2 a6 10. O-O-O b5 11. Bb3 Nc5 12. Nde2 Nxb3+ 13. axb3 Qa5 14. Ng3
Qa1+ 15. Nb1 Ng4 16. c3 Nxe3 17. Qxe3 Be6 18. h4 Bxb3 19. Rde1 Ba2 20. Kc2 Rac8
21. h5 Bb3+ 22. Kd2 Qxb2+ 23. Kd3 Bc4# 0-1

[Event "Championnat de France des Jeunes - Pous"]
[Site "LA ROCHE SUR YON"]
[Date "2008.04.26"]
[Round "7.9"]
[White "Froment, Josephine"]
[Black "Remy, Camille"]
[Result "1/2-1/2"]
[WhiteElo "1260"]
[BlackElo "1340"]
[Annotator "Salaun,Michel"]
[PlyCount "106"]
[EventDate "2008.04.25"]
[EventType "swiss"]
[EventRounds "5"]
[EventCountry "FRA"]

1. e4 e5 2. Nf3 Nc6 3. Bc4 Bc5 4. c3 d6 5. d4 exd4 6. cxd4 Bb4+ 7. Nc3 Bxc3+ 8.
bxc3 Nf6 9. O-O O-O 10. Bg5 h6 11. Bh4 Qe7 12. Re1 Be6 13. d5 Na5 14. dxe6 Nxc4
15. Qd4 Qxe6 16. Bxf6 gxf6 17. Qd5 Qxd5 18. exd5 Nb6 19. Rad1 Rae8 20. Rxe8
Rxe8 21. Nh4 Na4 22. c4 Nb2 23. Rc1 Nxc4 24. h3 Re4 25. Nf5 Kh7 26. f3 Rf4 27.
Rc3 b5 28. g4 Nd2 29. Kg2 b4 30. Rxc7 b3 {(=)} 31. Rxf7+ Kg8 32. Nxh6+ Kh8 33.
axb3 Nxb3 34. Kg3 Rb4 35. Rf8+ Kh7 36. Rxf6 a5 37. g5 a4 38. Rf7+ Kg6 39. h4
Kh5 40. Rh7 (40. Rf6) 40... a3 41. Nf5+ Kg6 42. Rh6+ Kxf5 43. Rf6+ Ke5 44. Rf7
a2 45. Ra7 a1=Q 46. Rxa1 Nxa1 47. g6 Rb8 48. h5 Rg8 49. f4+ Kf5 50. Kf3 Rxg6
51. hxg6 Kxg6 52. Kg4 Kf6 53. f5 Nb3 1/2-1/2